000 00791nam a22002531c 4500
001 00107647214
008 051003s1996 gw |||| 000u ger d
020 _a3786814465
_93-7868-1446-5
041 _ager
100 1 _aCornelißen, Christoph
245 0 4 _aDas "Innere Kabinett" :
_bdie höhere Beamtenschaft und der Aufbau des Wohlfahrtsstaates in Grossbritannien 1893-1919 /
_cvon Christoph Cornelissen
264 _aHusum :
_bMatthiesen,
_c1996
300 _a420 S.
502 _aZugl.: Düsseldorf, Univ., Diss., 1991/92
650 0 _aFührungskraft
650 0 _aHöherer Dienst
650 0 _aWohlfahrtsstaat
651 0 _aGroßbritannien
655 0 _aHochschulschrift
942 _cMG
040 _cRU-10907106
003 RU-10907106
999 _c54755
_d54755
490 0 _aHistorische Studien
_v446